000 07228nam a22006977a 4500
005 2011020909419.0
020 _a9788181463579
_c250.00
035 _aB-431912-953
037 _bBlueberry Books
082 _aS
100 _aPadma, T.V.
_929718
245 _aMathematwist:
_cby T.V. Padma; illustrated by Proiti Roy
_bnumber tales from around the world /
260 _aChennai
_bTulika Publishers
_c2006
270 _a13 Prithvi Avenue, Abhiramapuram,
_bChennai
_e 600018
300 _aUnpaged
_c20cm (pbk)
_bcol. ill.
700 _a Roy, Proiti
_925789
942 _2ddc
_cCH
_mPAD
_hS
999 _c50388
_d50388